000 00902nam a2200265 c 4500
001 000030434
003 RuMoIPM
005 20260428121857.0
008 000823s2000 ru a||||||||||||||||rus d
020 _a5-8037-0047-9
035 _a(RuMoBEN) 000048132
035 _a(RuMoBEN-CBP Bibliobus) 051185
035 _a(RuMoBEN Bibliobus) 083895
040 _aRuMoBEN
_brus
_ercr
041 _arus
044 _aru
080 _a51(09)
100 1 _aМонастырский, Михаил Ильич
245 0 0 _aСовременная математика в отблеске медалей Филдса
_cМ. И. Монастырский
260 _aМосква
_bЯнус-К
_c2000
300 _a197 с.
504 _aБиблиогр. : с. 191-197
600 1 _aФилдс, Джон Чарльз
_d1863-1932
942 _cBK
999 _c30434
_d30434